00351 2200145 4500001002100000005001500021035002000036245003800056100001300094300001200107260005200119082000800171084001400179990001200193INLIS00000000000234020250528102230 a0010-05250006321 aGizi Baik Yang Merata /cGoenardi0 aGoenardi a189 hlm aYogyakarta :bGajah Mada Universty Press,c1994 a000 a000 GOE g a0712340